| 000 | 01061nam a2200289 a 4500 | ||
|---|---|---|---|
| 001 | 66789 | ||
| 003 | BD-RjUL | ||
| 005 | 20211209081558.0 | ||
| 008 | 170320s2002 enka b 001 0 eng | ||
| 020 | _a1853838098 (pbk.) | ||
| 035 | _a(BD-RjUL)66920 | ||
| 040 |
_aDLC _cDLC _dBD-RjUL _beng |
||
| 041 | _aeng | ||
| 082 | 0 | 0 |
_a634.98 _223 _bUNC 2002 |
| 245 | 0 | 0 |
_aUncovering the hidden harvest : _bvaluation methods for woodland and forest resources / _cedited by Bruce M. Campbell and Martin K. Luckert. |
| 260 |
_aLondon : _bEarthscan Publications, _c2002. |
||
| 300 |
_axii, 262 p. : _bill. ; _c24 cm. |
||
| 490 | 1 | _aPeople and plants conservation manuals | |
| 504 | _aIncludes bibliographical references | ||
| 650 | 0 |
_aForest products _xEconomic aspects. _9197727 |
|
| 650 | 0 |
_aForests and forestry _xEconomic aspects. _9174064 |
|
| 700 | 1 |
_aCampbell, B. M. _q(Bruce Morgan), _d1953- _9197728 |
|
| 700 | 1 |
_aLuckert, Martin Karl, _d1961- _9197729 |
|
| 830 | 0 |
_aPeople and plants conservation manuals _9197730 |
|
| 942 |
_2ddc _cBK |
||
| 999 |
_c66789 _d66789 |
||